| 000 | 00472cam a2200193ua 4500 | ||
|---|---|---|---|
| 001 | 3087 | ||
| 005 | 20260515113630.0 | ||
| 008 | 110928n ii |||gr||||Z||||||asm | ||
| 040 | _cMAIN | ||
| 082 | _a891.4513 | ||
| 100 | 1 |
_aBhattacharjya, Birendra Kumar, _eAuthor. |
|
| 245 | 1 | 1 |
_aAai _cby Birendra Kumar Bhattacharjya |
| 250 | _a4th. | ||
| 260 |
_aGuahati: _bLBS publication,984. |
||
| 300 |
_a112p: _c23cm. |
||
| 653 | _aAssamese novel | ||
| 653 | _aAai | ||
| 942 | _cBK | ||
| 999 |
_c2931 _d2931 |
||